000 00572nam a22001817a 4500
003 AUA.1
005 20251119152625.0
008 251119b |||||||| |||| 00| 0 eng d
040 _cJTL
100 _aSimbarashe, Gabi
245 _aAn exegetical study on the meaning of κεφαλὴ and ὑποτάσσεται in Ephesians 5:22-24 /
_cGabi Simbarashe.
260 _ac2023.
300 _avii, 65 leaves :
_c30 cm.
650 _aHeads of households
650 _aSubmissiveness
650 _aBible. Ephesians
942 _2aua
_cTHESIS
_hMABTS
_i.S56 2023
999 _c25249
_d25249